000 00558nam a2200181 i 4500
001 120788
003 ES-MaACL
005 20230906191625.0
007 t|
008 070214s1934 sp |||| | spa d
100 1 _aPrados y Such, Miguel.
_993646
245 1 0 _aPsicobiología de la delincuencia juvenil /
_cpor M. Prados y Such.
260 _aMálaga :
_b[s. n.],
_c1934 (
_fImp. Sur)
300 _a96 p. ;
_c23 cm.
500 _aEs suplemento de: Archivos de Neurobiología.
650 0 4 _aDelincuencia juvenil.
_9135872
852 _aES-MaACL
_j1632-F-12
999 _c120788
_d120788